Catálogo

Puebla de los Ángeles 1858-1993 / (Registro nro. 63025)

Detalles MARC
000 -LEADER
fixed length control field 01094cam a2200289 i 4500
001 - CONTROL NUMBER
control field 63025
003 - CONTROL NUMBER IDENTIFIER
control field Mx-PuUPA
005 - DATE AND TIME OF LATEST TRANSACTION
control field 20250910105834.0
008 - FIXED-LENGTH DATA ELEMENTS--GENERAL INFORMATION
fixed length control field 150625s2005 mx a gr 000 0 spa d
040 ## - CATALOGING SOURCE
Original cataloging agency Mx-PuUPA
Language of cataloging spa
Transcribing agency Mx-PuUPA
Modifying agency Mx-PuUPA
Description conventions rda
041 0# - LANGUAGE CODE
Language code of text/sound track or separate title spa
100 1# - MAIN ENTRY--PERSONAL NAME
Personal name Martínez y Torres, Lilia,
Relator term autor
9 (RLIN) 1260
245 10 - TITLE STATEMENT
Title Puebla de los Ángeles 1858-1993 /
Statement of responsibility, etc. investigación, Lilia Martínez y Torres ; edición de imágenes, Adrián Mendieta, Lilia Martínez y Torres
250 ## - EDITION STATEMENT
Edition statement Primera edición
264 #1 - PRODUCTION, PUBLICATION, DISTRIBUTION, MANUFACTURE, AND COPYRIGHT NOTICE
Place of production, publication, distribution, manufacture México :
Name of producer, publisher, distributor, manufacturer Universidad de las Américas Puebla. Fototeca Lorenzo Becerril,
Date of production, publication, distribution, manufacture, or copyright notice 2005
300 ## - PHYSICAL DESCRIPTION
Extent 191 páginas :
Other physical details ilustraciones ;
Dimensions 33 cm.
336 ## - CONTENT TYPE
Content type term texto
Fuente rdacontent
Content type code txt
337 ## - MEDIA TYPE
Media type term sin medio
Source rdamedia
Media type code n
338 ## - CARRIER TYPE
Carrier type term volumen
Source rdacarrier
Carrier type code nc
651 #4 - SUBJECT ADDED ENTRY--GEOGRAPHIC NAME
Geographic name Puebla
General subdivision Hstoria
651 #4 - SUBJECT ADDED ENTRY--GEOGRAPHIC NAME
Geographic name Puebla
General subdivision Vida social y costumbres
700 1# - ADDED ENTRY--PERSONAL NAME
Personal name Mendieta, Adrián,
Relator term editor de imágenes
700 1# - ADDED ENTRY--PERSONAL NAME
Personal name Martínez y Torres, Lilia,
Relator term editor de imágenes
9 (RLIN) 1260
942 ## - ADDED ENTRY ELEMENTS (KOHA)
Source of classification or shelving scheme Dewey Decimal Classification
Koha item type Libro
Classification part 972.48
Item part M28
Existencias
Withdrawn status Lost status Source of classification or shelving scheme Damaged status Not for loan Collection code Home library Current library Shelving location Date acquired Source of acquisition Total Checkouts Full call number Barcode Date last seen Price effective from Koha item type
    Dewey Decimal Classification   Consulta en sala Puebla Biblioteca Karol Wojtyla Biblioteca Karol Wojtyla Área de silencio 10/02/2016 Compra   972.48 M28 2005 93423 05/01/2026 10/02/2016 Folio